000
00221nam a22000857a 4500
008
160718b xxu||||| |||| 00| 0 eng d
100
_9
3036
_a
Arora S.L
245
_a
Move fast with Physics XI
260
_a
New Delhi
_b
Dhanpat
_c
2012
999
_c
2599
_d
2599